ბათუმის შოთა რუსთაველის სახელმწიფო უნივერსიტეტის ბიბლიოთეკა

სხივური დაავადება / (ბიბ.ჩანაწერი № 62495)

000 -ლიდერი
ფიქსირებული სიგრძის საკონტროლო ველი 00911nam a22002177a 4500
003 - საკონტროლო ნომრის იდენტიფიკატორი
საკონტროლო ველი Ge_BSU
005 - ბოლო ოპერაციის თარიღი და დრო
საკონტროლო ველი 20241118114325.0
008 - ფიქსირებული სიგრძის მონაცემთა ელემენტები - ზოგადი ინფორმაცია
ფიქსირებული სიგრძის საკონტროლო ველი 241118s1960 ge ||||| |||| 00| 0 geo d
041 ## - ენის კოდი
Language code of text/sound track or separate title geo
080 ## - უნივერსალური ათობითი კლასიფიკაციის ინდექსი
Universal Decimal Classification number 616-001.28 თ-77
100 ## - მთავარი ჩანაწერი - პიროვნების სახელი
Personal name თოფურია, შ.
9 (RLIN) 23722
245 ## - ცნობა სათაურის შესახებ
Title სხივური დაავადება /
Statement of responsibility, etc შ. თოფურია, ე. სემენსკაია, ე. წვერავა.
264 ## - წარმოების, გამოცემის, დისტრიბუციის და სხვა ცნობები
გამოცემის, წარმოების, დისტრიბუციის... ადგილი თბ. :
გამოცემის, წარმოების, დისტრიბუციის... სახელწოდება საბჭ. საქართველო,
გამოცემის, წარმოების, დისტრიბუციის... თარიღი 1960.
300 ## - ფიზიკური აღწერა
Extent 127 გვ. ;
Other physical details 20 სმ.
490 ## - სერიის ცნობა
Series statement ექიმის ბიბლიოთეკა
653 ## - INDEX TERM--UNCONTROLLED
Uncontrolled term სხივური დაავადება
653 ## - INDEX TERM--UNCONTROLLED
Uncontrolled term მედიცინა
700 ## - ADDED ENTRY--PERSONAL NAME
Personal name სემენსკაია, ე.
Relator term ავტორი
9 (RLIN) 23723
700 ## - ADDED ENTRY--PERSONAL NAME
Personal name წვერავა, ე.
Relator term ავტორი
9 (RLIN) 23724
942 ## - ADDED ENTRY ELEMENTS (KOHA)
Source of classification or shelving scheme
Koha item type წიგნი
ეგზემპლარები
ჩამოწერის სტატუსი დაკარგული ეგზემპლარის სტატუსი კლასიფიკაციის წყარო ან თაროზე გაწყობის სქემა დაზიანების სტატუსი არ გაიცემა მუდმივი მდებარეობა (დაცვის ადგილი) ამჟამინდელი ადგილსამყოფელი თაროზე განთავსების ადგილი შეძენის თარიღი ღირებულება, შესყიდვის ნორმალური ფასი სრული შენახვის შიფრი შტრიხკოდი ბოლო ოპერაციის თარიღი ეგზემპლარის მიმდევრობითი ნომერი (კეტერი?) ფასის ძალაში შესვლის თარიღი ეგზემპლარის სახეობა საჯარო შენიშვნა
          ბათუმის შოთა რუსთაველის სახელმწიფო უნივერსიტეტის მთავარი ბიბლიოთეკა ბათუმის შოთა რუსთაველის სახელმწიფო უნივერსიტეტის მთავარი ბიბლიოთეკა წიგნსაცავი 2024-11-18 3.65 616-001.28 თ-77 69780 2024-11-18 69780 2024-11-18 წიგნი 3 ლ. 65 თ.